La negociación colectiva en América Latina

Gespeichert in:
Bibliographische Detailangaben
Hauptverfasser: Ojeda Avilés, Antonio (autor), Ermida Uriarte, Oscar (VerfasserIn)
Format: Buch
Sprache:Spanisch
Veröffentlicht: Valladolid Instituto Europeo de Relaciones Industriales 1993
Schlagworte:
Tags: Tag hinzufügen
Keine Tags, Fügen Sie den ersten Tag hinzu!

MARC

LEADER 00000nam a2200000 a 4500
001 UCY7375
003 CL-VaPUC
008 950614e19930000SP |||||||||||||||||spa|d
082 0 4 |a 344.01  |b OJE  |2 21 
100 |a Ojeda Avilés, Antonio  |e autor  |9 554925 
700 0 |a Ermida Uriarte, Oscar  |e author  |9 337877 
245 1 3 |a La negociación colectiva en América Latina 
300 |a 378 p 
942 |c BK 
945 |d 19950614 00:00:00  |a aalvarez 
260 |a Valladolid  |b Instituto Europeo de Relaciones Industriales  |c 1993 
650 0 |a Negociación colectiva  |9 312433 
650 7 |a CONVENIOS COLECTIVOS  |2 CL-VaPUC  |9 337878 
651 0 |a América Latina   |9 255027 
583 |a last modification  |c 19950614 00:00:00  |k Rodrigo Vera 
999 |c 234776  |d 234774 
952 |0 0  |1 0  |4 0  |6 344_010000000000000_OJE_1993  |7 0  |8 A  |9 241466  |a BIBDER  |b BIBDER  |d 2019-11-18  |i 3091155  |l 1  |o 344.01 OJE 1993  |p 3091155  |r 2023-01-25  |s 2020-06-12  |w 2019-11-18  |y BK  |k DER